|
|
|
|
| LEADER |
00000nab a2200000 a 4500 |
| 001 |
vtls000210658 |
| 003 |
SK-MaSNL |
| 005 |
20260305005518.0 |
| 008 |
250423c1985 xo 0 slo |
| 015 |
|
|
|a SNBRB19rr/mm-uuuuu
|
| 035 |
|
|
|a CL0220771
|
| 035 |
|
|
|a urn:nbn:sk:snk-abel17
|
| 035 |
|
|
|a (urnnbn)urn:nbn:sk:snk:ar-0006mg
|
| 035 |
|
|
|a (uuid)3596d613-ddc7-44f6-b449-643219f92816
|
| 040 |
|
|
|a SNKBUCL
|b slo
|c SNKBUCL
|e AACR2
|
| 041 |
0 |
|
|a slo
|
| 044 |
|
|
|a xo
|c SK
|
| 080 |
|
|
|a 82.091:885.4-1:871-1
|2 1981
|
| 080 |
|
|
|a 885.4-1
|2 1981
|
| 080 |
|
|
|a 871-1
|2 1981
|
| 080 |
|
|
|a 885.4-1.091
|2 1981
|
| 080 |
|
|
|a 871-1.091
|2 1981
|
| 100 |
1 |
|
|a Turčány, Viliam,
|d 1928-2021
|4 aut
|9 102025
|
| 245 |
1 |
0 |
|a Hollý a Horatius
|b k 200. výročiu narodenia Jána Hollého
|c Viliam Turčány
|
| 600 |
1 |
7 |
|a Hollý, Ján,
|d 1785-1849
|2 snkbucl
|9 16461
|
| 600 |
0 |
7 |
|a Horatius,
|d 65 pred Kr.-8 pred Kr
|2 snkbucl
|9 172480
|
| 650 |
0 |
7 |
|a ódy
|2 snkbucl
|9 1626
|
| 655 |
|
7 |
|a personálne bibliografie
|2 snkbucl
|9 70198
|
| 655 |
|
7 |
|a články z novín a časopisov
|2 snkbucl
|9 267496
|
| 655 |
|
7 |
|a články z odboru literárna veda a krásna literatúra
|2 snkbucl
|9 770045
|
| 773 |
0 |
|
|t Slovenské pohľady
|g Roč. 101, č. 3 (1985), s. 65-80
|
| 850 |
|
|
|a Slovenská národná knižnica
|
| 852 |
|
|
|a Slovenská národná knižnica
|
| 954 |
|
|
|a odborná, vedecká literatúra pôvodná (slovenská)
|2 lita
|
| 958 |
|
|
|a article27
|
| 958 |
|
|
|a BX
|
| 958 |
|
|
|a RK
|
| 958 |
|
|
|a LX
|
| 958 |
|
|
|a OND
|
| 958 |
|
|
|a EUIPO
|
| 992 |
|
|
|a RBX
|
| 999 |
|
|
|c 3240939
|d 3242869
|